Statistics for Fortnite Battle Royale

Click here to take the quiz!

General Stats

  • This quiz has been taken 9,666 times
  • The average score is 16 of 19

Answer Stats

HintAnswer% Correct
What is the throwable explosive objectGrenade
95%
What is the gun rarity bluerare
95%
What is the gun rarity whitecommon
94%
What is the gun rarity goldlegendary
94%
What is the gun rarity purpleepic
93%
What is the item that gives you 100% healthMed kit
93%
What is the gun rarity greenuncommon
93%
What is the object called that turns you into a bushBush
91%
What is the explosive weapon that shoots grenadesGrenade Launcher
91%
What is the lake calledLoot Lake
89%
what is the best legendary gun in the gameScar
88%
What is the explosive pumpkin shooting weaponRPG
86%
What is the potion that when you drink it give 25% health and 25% shieldSlurp Bottle
85%
This is the name of the one shot sniperBolt action sniper
78%
What is the toilet factory calledFlush factory
78%
what is the swampy area called next to the prisonMoisty Mire
76%
This sniper can take multiple shotsSemi Auto Sniper
75%
What item gives you 15% healthbandages
73%
What gives you 50% shieldshield potion
66%

Score Distribution

Percentile by Number Answered

Percent of People with Each Score

Your Score History

You have not taken this quiz